| 000 | 00490nam a22001937a 4500 | ||
|---|---|---|---|
| 003 | MPLRDC | ||
| 005 | 20220104162039.0 | ||
| 008 | 210129b ||||| |||| 00| 0 eng d | ||
| 020 | _a7-80653-663-9 | ||
| 082 | _a690.27 WXF | ||
| 100 | _a武旭峰等编著 | ||
| 245 |
_a四川之旅 _c |
||
| 250 | _a一版二刷 | ||
| 260 |
_a中国 _b广东旅游出版社 _c2005 |
||
| 300 | _b平 | ||
| 490 | _a中国之旅: 黄金版 | ||
| 650 | _a中国游记--四川 | ||
| 942 |
_cBK _o690.27 WXF |
||
| 999 |
_c55779 _d55769 |
||